Państwa, których nazwy zawierają więcej niż jeden człon - Statystyki

Ogólne statystyki
  • Ten quiz został rozwiązany 2 359 razy
  • Średni wynik to 22 z 31
Statystyki odpowiedzi
Nazwa państwa % Poprawnych
Stany Zjednoczone
91%
Wielka Brytania
91%
Republika Południowej Afryki
90%
Korea Północna
87%
Korea Południowa
87%
Arabia Saudyjska
84%
Nowa Zelandia
84%
Demokratyczna Republika Konga
83%
Zjednoczone Emiraty Arabskie
82%
Republika Środkowoafrykańska
71%
Republika Zielonego Przylądka
71%
Papua-Nowa Gwinea
70%
Sudan Południowy
70%
Bośnia i Hercegowina
69%
Gwinea Równikowa
67%
Macedonia Północna
66%
Wyspy Marshalla
66%
Wyspy Świętego Tomasza i Książęca
66%
Antigua i Barbuda
65%
San Marino
65%
Wybrzeże Kości Słoniowej
65%
Gwinea Bissau
62%
Trynidad i Tobago
62%
Wyspy Salomona
62%
Saint Kitts i Nevis
58%
Sri Lanka
58%
Saint Lucia
55%
Saint Vincent i Grenadyny
54%
Timor Wschodni
54%
Burkina Faso
51%
Sierra Leone
44%
Nie znaleziono quizów pasujących do podanych kryteriów
Rozkład punktacji
Procent ludzi z każdym wynikiem
Percentyl według liczby udzielonych odpowiedzi
Twoja historia wyników
Nie rozwiązałeś tego quizu